| 000 | 00910nam a22003017a 4500 | ||
|---|---|---|---|
| 003 | CHAP | ||
| 005 | 20220329133826.0 | ||
| 008 | 971013s r 00010 d | ||
| 010 | _a11439 | ||
| 011 | _a12411 | ||
| 035 | _a15596 | ||
| 040 | _cCHAP | ||
| 090 | _aR-2870 | ||
| 100 | 0 | 0 |
_aMeadows, A. J. _973789 |
| 245 |
_aDocumentation and the scientific producer _c/ user |
||
| 500 | _aD14-31 | ||
| 500 | _aSobretiro de : Journal of Documentation 34(4): 324-32, 1974 | ||
| 590 |
_aBATCH-UPD _b10 _c20130110 _lUCH01 _h0249 |
||
| 590 |
_aBATCH-UPD _b10 _c20130110 _lUCH01 _h1821 |
||
| 590 |
_aBATCH-UPD _b10 _c20130409 _lUCH01 _h2320 |
||
| 590 |
_aBATCH-UPD _b10 _c20130914 _lUCH01 _h0932 |
||
| 590 |
_aCONVERSION _b10 _c20130109 _lUCH01 _h1308 |
||
| 650 | 1 | 4 |
_aCiencia _xLiteratura. _923128 |
| 650 | 1 | 4 |
_aDocumentación. _933172 |
| 901 | _aBK | ||
| 942 | _cREIMP | ||
| 949 |
_aR-2870 _bBC _cR _d-27804 _eTS1 _i15596 _si |
||
| 999 |
_c11439 _d11439 |
||